000 00648nam a2200145 a 4500
008 110718s2011 ||||||||||||||||| || u
050 _aGOV.ZAM(02)2011/1
110 _aGovernment of the Republic of Zambia (GRZ)
245 1 0 _aSelected presidential speeches by his excellency Mr. Rupiah Bwezani Banda President of the Republic of Zambia
260 _aLusaka
_bGovernment Printer
_c2011
300 _a41p.
350 _a0.00
650 _aPRESIDENTS--ZAMBIA--ADDRESSES, ESSAYS, LECTURES
995 _D0.00
_FCBU-MAIN LIBRARY (Kitwe)
_H1
_I0.00
_M1
_UAVAILABLE
_WJul 18, 2011
_ZZambiana Collection
999 _c57261
_d57261